| 000 | 00769nam0a22002531 4500 | ||
|---|---|---|---|
| 001 | rc\4290418 | ||
| 005 | 20130416123542.3 | ||
| 021 |
_aRU _b[59-3701] |
||
| 035 | _a(NLR Aleph) 008252373 | ||
| 090 |
_a8344288 _c8344288 |
||
| 100 | _a20130416d1958 |||y0rusy50 ca | ||
| 101 | 0 | _arus | |
| 102 | _aRU | ||
| 105 | _ay z |||a| | ||
| 200 | 1 |
_aНаследница _eПьеса в 1 д. _fПер. Е. Гаселя _gДом нар. творчества Эм. Мелнгайлиса |
|
| 210 |
_a[Рига] _cБ. и. _d1958 |
||
| 215 |
_a16 с. _d20 |
||
| 700 | 1 |
_aБроделе _bА. Ю. _f1910- _gАнна Юльевна |
|
| 702 | 1 |
_aГасель _bЕ. _4730 |
|
| 801 | 0 |
_aRU _bNLR _gpsbo |
|
| 801 | 1 |
_aRU _bELAR _2rusmarc |
|
| 852 |
_aNLR _j59-4/2045 |
||
| 942 | _cBOOK | ||
| 980 | _aNB | ||